Countries with Highest Mountains - Statistics

General Stats
  • This quiz has been taken 66 times
  • The average score is 7 of 10
Answer Stats
ft Mountain Country % Correct
29,035 Everest Nepal
100%
28,250 K2 China/Pakistan
90%
28,169 Kangchenjunga India/Nepal
82%
27,940 Lhotse Nepal
70%
27,766 Makalu Nepal
65%
26,545 Annapurna Nepal
65%
26,906 Cho Oyu Nepal
63%
26,795 Dhaulagiri Nepal
63%
26,781 Manaslu Nepal
63%
26,660 Nanga Parbat Pakistan
57%
No matching quizzes found
Score Distribution
Percent of People with Each Score
Percentile by Number Answered
Your Score History
You have not taken this quiz